Komplexní socialistická racionalizace

Guardado en:
Detalles Bibliográficos
Autor principal: Koucký, Josef
Otros Autores: Říha, Ladislav
Formato: Libro
Lenguaje:checo
Publicado: Praha Práce 1972
Etiquetas: Agregar Etiqueta
Sin Etiquetas, Sea el primero en etiquetar este registro!

MARC

LEADER 00000nam a2200000 4500
001 c104643
005 20050302095209.1
041 0 |a cze 
044 |a CZ 
245 1 0 |a Komplexní socialistická racionalizace  |c Josef Koucký, Ladislav Říha 
264 1 |a Praha  |b Práce  |c 1972 
300 |a 255 s. 
100 1 |a Koucký, Josef 
700 1 |a Říha, Ladislav